000
00482nam a2200145Ia 4500
008
100122s9999 xx 000 0 und d
082
_b
31291
_a
181.4
100
_a
संगवई विजया
245
_a
पुरुषार्थ विचार
260
_b
श्रीविद्या प्रकाशन
_c
1981
300
_a
95
630
_a
पुरुषार्थ विचार
730
_a
पुरुषार्थ विचार
942
_c
BOOK
999
_c
415934
_d
415931